Welcome to CU Library Online Public Access Catalogue (OPAC)

Modern human relations at work / (Record no. 5824)

MARC details
000 -LEADER
fixed length control field 00971cam a22002534a 4500
001 - CONTROL NUMBER
control field 12378248
005 - DATE AND TIME OF LATEST TRANSACTION
control field 20250516155719.0
008 - FIXED-LENGTH DATA ELEMENTS--GENERAL INFORMATION
fixed length control field 010412s2002 txu b 001 0 eng
020 ## - INTERNATIONAL STANDARD BOOK NUMBER
International Standard Book Number 0030335795
050 00 - LIBRARY OF CONGRESS CALL NUMBER
Classification number HF5549
Item number .H519 2002
082 00 - DEWEY DECIMAL CLASSIFICATION NUMBER
Classification number 658.4
Edition information 21
100 1# - MAIN ENTRY--PERSONAL NAME
Personal name Hodgetts, Richard M.
245 10 - TITLE STATEMENT
Title Modern human relations at work /
Statement of responsibility, etc. Richard M. Hodgetts.
250 ## - EDITION STATEMENT
Edition statement 8th ed.
260 ## - PUBLICATION, DISTRIBUTION, ETC.
Place of publication, distribution, etc. Fort Worth :
Name of publisher, distributor, etc. Harcourt College Publishers,
Date of publication, distribution, etc. c2002.
300 ## - PHYSICAL DESCRIPTION
Extent xxiv, 503 p. :
Other physical details ill. ;
Dimensions 27 cm.
440 #4 - SERIES STATEMENT/ADDED ENTRY--TITLE
Title The Harcourt series in management
650 #0 - SUBJECT ADDED ENTRY--TOPICAL TERM
Topical term or geographic name entry element Personnel management.
650 #0 - SUBJECT ADDED ENTRY--TOPICAL TERM
Topical term or geographic name entry element Organizational behavior.
856 42 - ELECTRONIC LOCATION AND ACCESS
Materials specified Contributor biographical information
Uniform Resource Identifier <a href="http://www.loc.gov/catdir/enhancements/fy1514/2001089969-b.html">http://www.loc.gov/catdir/enhancements/fy1514/2001089969-b.html</a>
856 42 - ELECTRONIC LOCATION AND ACCESS
Materials specified Publisher description
Uniform Resource Identifier <a href="http://www.loc.gov/catdir/enhancements/fy1514/2001089969-d.html">http://www.loc.gov/catdir/enhancements/fy1514/2001089969-d.html</a>
856 41 - ELECTRONIC LOCATION AND ACCESS
Materials specified Table of contents only
Uniform Resource Identifier <a href="http://www.loc.gov/catdir/enhancements/fy1514/2001089969-t.html">http://www.loc.gov/catdir/enhancements/fy1514/2001089969-t.html</a>
942 ## - ADDED ENTRY ELEMENTS (KOHA)
Source of classification or shelving scheme Library of Congress Classification
Koha item type Books
Suppress in OPAC No
999 ## -
-- 5824
-- 5824
Holdings
Withdrawn status Lost status Source of classification or shelving scheme Damaged status Not for loan Collection Home library Current library Shelving location Date acquired Total checkouts Full call number Barcode Date last seen Copy number Price effective from Koha item type
    Library of Congress Classification     Non-fiction Undergraduate Library (Christ Temple) Undergraduate Library (Christ Temple) General stacks 05/16/2025   HF5549.A3 HOD ulct00002446 05/16/2025 1 05/16/2025 Books
© 2023-2024 Copyright: Central University Libraries. All Rights Reserved | Created by: Mahone Tech Office